LEADER 01064nam a2200253 i 4500 001 000000165415 003 CaOOAMICUS 005 20071016000000.0 008 071016s1973 it u000 u ita u 013 $a142783 040 $aSeMil$bita 245 10$aAppunti per una cronologia di Roma Capitale :$b1870-1970 /$cA cura di Armando Ravaglioli ; Collaborazione di Gaetanina Scano. 260 $a[Roma] :$bBanco di Roma,$c1973. 300 $aVIII, 179 p. ;$c24 cm. 500 $aFondo Card. Giovanni Colombo. 650 4$aRoma - Storia - Sec. 20.$0(OLS)http://semarc/subject/7404 700 1 $aScano, Gaetanina.$0(OLS)http://semarc/name/62424 700 1 $aRavaglioli, Armando.$0(OLS)http://semarc/name/5192 850 $aSeMil 852 $aSeMil$W1$xVenegono$y1$m3V IV 12$j116609$B116609$CSeMilBibl$Z2$F129165 $81 941 1 $a3 961 $aLascito: Colombo Card. Giovanni 996 $6245$aAppunti per una cronologia di Roma Capitale :$b1870-1970$9(OLS)http://semarc/title/236160 996 $6260$a[Roma] :$bBanco di Roma$9(OLS)http://semarc/publisher/47511 LEADER 00907nam a2200229 i 4500 001 000000186677 003 CaOOAMICUS 005 20100303000000.0 008 100303s1940 it u000 u ita u 013 $a164731 040 $aSeMil$bita 100 0 $aEmidio : da Ascoli,$c.$0(OLS)http://semarc/name/33977 245 13$aIl divino nell'uomo /$cP. Emidio da Ascoli. 260 $aBrescia :$bMorcelliana,$c1940. 300 $a428 p. ;$c20 cm. 490 0 $aIl pensiero cattolico moderno ;$v11 650 4$aAntropologia teologica.$0(OLS)http://semarc/subject/2114 830 3$aIl pensiero cattolico moderno ;$v11.$0(OLS)http://semarc/title/13953 850 $aSeMil 852 $aSeMil$W1$xVenegono$y1$m3F II 85$j137364$B137364$CSeMilBibl$Z2$F148875 $81 996 $6245$aIl divino nell'uomo$9(OLS)http://semarc/title/268430 996 $6260$aBrescia :$bMorcelliana$9(OLS)http://semarc/publisher/29629